[Event "Let's Play 661"]
[Site "http://www.queenalice.com/game.php?id=1808320"]
[Date "2023.3.24"]
[Round "-"]
[White "digger"]
[Black "ulisses34"]
[Result "0-1"]
[WhiteElo "1500"]
[BlackElo "1641"]

1. Nf3 Nc6 2. e3 e5 3. e4 Be7 4. Bb5 Nd4 5. Nxd4 exd4 6. Be2 d6 7. Bc4 Nf6 8.
Qf3 Bd7 9. O-O O-O 10. Qf4 Ng4 11. f3 Ne5 12. Be2 Ng6 13. Qg3 Bh4 14. Qg4 Bxg4
15. fxg4 Bg5 16. d3 Bxc1 17. Rxc1 Qg5 18. Rf1 Qe3+ 19. Rf2 Nf4 20. Bf1 Ne6 21.
Nd2 b5 22. a4 c6 23. Rd1 bxa4 24. Nc4 Qg5 25. h3 Rad8 26. Ra1 Nc5 27. c3 dxc3
28. bxc3 Rfe8 29. Re1 Re7 30. Rf5 Qh4 31. Re3 h6 32. Nxd6 Rxd6 33. Rxc5 Rb7 34.
e5 Qg5 35. Re4 Re6 36. d4 Qc1 37. c4 Rb1 38. d5 cxd5 39. Rc8+ Kh7 40. Rf4 Qxf4
41. cxd5 Rxe5 42. d6 Qxf1+ 43. Kh2 Qf4+ 44. g3 Qf2# 0-1

[Event "Let's Play Chess!"]
[Site "http://www.queenalice.com/game.php?id=1809287"]
[Date "2023.4.5"]
[Round "-"]
[White "ulisses34"]
[Black "Charles56"]
[Result "0-1"]
[WhiteElo "1651"]
[BlackElo "1664"]

1. e4 e5 2. Nf3 d6 3. Be2 h6 4. Nc3 a6 5. d4 exd4 6. Nxd4 Bd7 7. Bg4 Nf6 8. Bf5
Bxf5 9. Nxf5 Nc6 10. a3 g6 11. Nd4 Nxd4 12. Qxd4 Be7 13. O-O Qd7 14. Nd5 Qd8 15.
Qb4 Nxd5 16. exd5 Rb8 17. Be3 b5 18. Rae1 O-O 19. Bxh6 Re8 20. Re4 c5 21. Qe1
Kh7 22. Qc1 Qd7 23. Rfe1 Bf6 24. Bd2 Rxe4 25. Rxe4 Qf5 26. Rf4 Qe5 27. Bc3 Qxd5
28. Rxf6 Re8 29. Qf4 Qd1+ 0-1

[Event "Let's Play Chess!"]
[Site "http://www.queenalice.com/game.php?id=1809443"]
[Date "2023.4.5"]
[Round "-"]
[White "Erithacus"]
[Black "ulisses34"]
[Result "0-1"]
[WhiteElo "1786"]
[BlackElo "1661"]

1. e4 e5 2. c4 Nf6 3. Nc3 d6 4. Nf3 Be7 5. Be2 Bd7 6. O-O Bc6 7. d3 Nfd7 8. b3
Na6 9. Bb2 Nac5 10. Re1 O-O 11. Rc1 Nb8 12. h3 Ne6 13. Nd5 Bxd5 14. cxd5 Nc5 15.
b4 Ncd7 16. a3 Na6 17. d4 Nab8 18. dxe5 Nxe5 19. Nxe5 dxe5 20. Bxe5 Bg5 21. Bxc7
Qd7 22. Rc2 Na6 23. Bxa6 bxa6 24. d6 Rfe8 25. Ree2 Bf4 26. Qd3 Re6 27. Qd5 Rae8
28. f3 Rc8 29. Qb7 Be5 30. Qxa6 Bd4+ 31. Kh1 Ree8 32. Qa5 Qe6 33. Qb5 Qb3 34. a4
Qb1+ 35. Kh2 Qg1+ 36. Kg3 Re6 37. Qd7 Rg6+ 38. Qg4 Rxg4+ 39. hxg4 Qf1 40. d7
Be5+ 41. Kh4 Qh1+ 42. Kg5 Qh6+ 43. Kf5 Qf6# 0-1

[Event "Let's Play Chess!"]
[Site "http://www.queenalice.com/game.php?id=1809984"]
[Date "2023.4.16"]
[Round "-"]
[White "ulisses34"]
[Black "Charles56"]
[Result "1-0"]
[WhiteElo "1666"]
[BlackElo "1578"]

1. e4 e5 2. Nf3 d6 3. Bb5+ Bd7 4. Qe2 h6 5. Nc3 Nf6 6. d4 exd4 7. Nxd4 a6 8. Ba4
Bxa4 9. Nxa4 Qd7 10. Nc3 Nc6 11. Nxc6 Qxc6 12. O-O O-O-O 13. Qf3 Be7 14. Nd5
Nxd5 15. exd5 Qxc2 16. Qxf7 Bf6 17. Be3 Qxb2 18. Ba7 Rd7 19. Qe6 Kd8 20. Rab1
Qxa2 21. Rxb7 1-0

[Event "Let's Play Chess!"]
[Site "http://www.queenalice.com/game.php?id=1810588"]
[Date "2023.4.29"]
[Round "-"]
[White "Scar"]
[Black "ulisses34"]
[Result "1-0"]
[WhiteElo "1705"]
[BlackElo "1676"]

1. e4 e5 2. Nf3 Nf6 3. d3 Nc6 4. Be3 Ng4 5. h3 Nxe3 6. fxe3 Bc5 7. Qd2 Bb4 8. c3
Be7 9. d4 Bh4+ 10. Nxh4 Qxh4+ 11. Qf2 Qxe4 12. Nd2 Qg6 13. O-O-O d6 14. g4 Be6
15. Nb3 Bxb3 16. axb3 Na5 17. Bc4 c6 18. Kd2 b5 19. Bd3 Qe6 20. b4 Nc4+ 21. Bxc4
Qxc4 22. Rhf1 O-O 23. h4 Qe6 24. g5 exd4 25. exd4 Qg6 26. Rde1 f6 27. Re6 Qf7
28. Qe3 f5 29. Rxd6 Rfe8 30. Qf4 Qh5 31. Rf3 g6 32. Rxc6 Rad8 33. Ra6 Re4 34.
Qg3 Rde8 35. Kd3 Qxh4 36. Qxh4 Rxh4 37. Rxa7 Rb8 38. Re7 Rh2 39. Re2 Rh4 40.
Rfe3 Kf8 41. Re7 Rh5 42. c4 Rh3+ 43. R7e3 bxc4+ 44. Kxc4 Rh4 45. b5 Rd8 46. Rd3
Rh5 47. Rg2 Ke7 48. d5 Kd6 49. Kd4 f4 50. b4 Rb8 51. Kc4 Re8 52. b6 Rb8 53. Kb5
h6 54. gxh6 Rxh6 55. Rg5 Rf8 56. Kc4 f3 57. b7 Rb8 58. Rxf3 Rxb7 59. Rf6+ Ke7
60. Rfxg6 Rh4+ 61. Rg4 Rc7+ 62. Kd4 Rxg4+ 63. Rxg4 Kf6 64. Re4 Kf5 65. Re5+ Kf4
66. Re4+ Kf5 67. d6 Rb7 68. Re5+ Kf6 69. b5 Rb8 70. d7 Rd8 71. Rd5 Ke7 72. b6
Ke6 73. Kc5 Ke7 74. Kc6 1-0

[Event "Let's Play Chess!"]
[Site "http://www.queenalice.com/game.php?id=1812211"]
[Date "2023.5.21"]
[Round "-"]
[White "ulisses34"]
[Black "Scar"]
[Result "1-0"]
[WhiteElo "1682"]
[BlackElo "1714"]

1. e4 e5 2. Nf3 d6 3. Be2 Nc6 4. Nc3 Be6 5. Nd5 Bxd5 6. exd5 Nce7 7. c4 c6 8.
dxc6 Nxc6 9. Qa4 Ne7 10. d3 g6 11. Bg5 Bg7 12. Rb1 Qc7 13. Nd2 f6 14. Be3 a6 15.
c5 Nc8 16. cxd6 Nxd6 17. Rc1 b5 18. Qc2 Kd7 19. Bf3 Rac8 20. Nb3 Rhd8 21. Nc5+
Ke7 22. Nxa6 Qa5+ 23. Qc3 Qxa6 24. O-O Na7 25. Qb4 Rxc1 26. Rxc1 Rd7 27. Bc5 Bf8
28. Qe4 Nc8 29. Ba3 Kf7 30. Qd5+ Kg7 31. Rc6 Qa5 32. Kf1 Rc7 33. Bxd6 Rxc6 34.
Qxc6 Nxd6 35. Qd7+ Nf7 36. Bd5 Kh6 37. Qxf7 Bg7 38. Qd7 f5 39. Qe7 g5 40. Qe6+
Kh5 41. Bf3+ g4 42. Qxf5+ Kh6 43. Qe6+ Kg5 44. Qxg4+ Kf6 45. Qh4+ Kf7 46. Qxh7
Qd2 47. g3 Qg5 48. Qh5+ Qxh5 49. Bxh5+ Ke6 50. Ke2 Bf6 51. a3 Kd5 52. Be8 Kc5
53. h4 Kd4 54. Bxb5 Kc5 55. Bc4 Bd8 56. f3 Ba5 57. h5 Bd8 58. h6 Bf6 59. Ke3 Kc6
60. h7 Kd6 61. b4 Ke7 62. Ke4 Kf8 63. a4 Kg7 64. a5 Kxh7 65. a6 Be7 66. a7 Bxb4
67. a8=Q Bc3 68. Qg8+ Kh6 69. Kf5 1-0

[Event "Let's Play Chess!"]
[Site "http://www.queenalice.com/game.php?id=1813591"]
[Date "2023.6.11"]
[Round "-"]
[White "igor12345"]
[Black "ulisses34"]
[Result "1-0"]
[WhiteElo "2008"]
[BlackElo "1715"]

1. e4 e5 2. f4 exf4 3. Nf3 Bd6 4. d4 c6 5. e5 Qe7 6. Bxf4 Bc7 7. Be2 Qe6 8. O-O
Ne7 9. Ng5 Qg6 10. Bd3 Qh6 11. Nxf7 1-0

[Event "Let's Play Chess!"]
[Site "http://www.queenalice.com/game.php?id=1813640"]
[Date "2023.6.11"]
[Round "-"]
[White "Capixabba789"]
[Black "ulisses34"]
[Result "0-1"]
[WhiteElo "1697"]
[BlackElo "1699"]

1. e4 e5 2. f4 exf4 3. Nf3 Nf6 4. Bc4 Nxe4 5. d4 d5 6. Bb3 Ng5 7. O-O Ne6 8. c3
c6 9. Qe1 Bd6 10. Ne5 Bxe5 11. Qxe5 O-O 12. Bxf4 Nxf4 13. Qxf4 Qe7 14. Nd2 b6
15. Rae1 Qd7 16. Nf3 Ba6 17. Rf2 Re8 18. Rxe8+ Qxe8 19. h3 Nd7 20. Ng5 Nf6 21.
Bc2 h6 22. Nf3 Ne4 23. Bxe4 dxe4 24. Ne5 f6 25. Qxe4 fxe5 26. dxe5 Rd8 27. Qa4
Bb5 28. Qxa7 Rd1+ 29. Kh2 Qxe5+ 30. g3 Kh7 31. Qf7 Bd3 32. h4 Bg6 33. Qf3 Rd3
34. Qf4 Qe1 0-1

[Event "Let's Play Chess!"]
[Site "http://www.queenalice.com/game.php?id=1813658"]
[Date "2023.6.11"]
[Round "-"]
[White "ulisses34"]
[Black "Charles56"]
[Result "1-0"]
[WhiteElo "1711"]
[BlackElo "1529"]

1. e4 e5 2. Nf3 d6 3. Nc3 h6 4. Nd5 Bg4 5. Be2 c6 6. Ne3 Bh5 7. O-O Nd7 8. Ne1
Bxe2 9. Qxe2 Nb6 10. b3 h5 11. Qf3 Qd7 12. Qg3 g6 13. Nd1 Bh6 14. Nf3 Qe7 15.
Ba3 Nf6 16. d3 Nfd7 17. Nc3 g5 18. h3 O-O-O 19. Ne1 Qe6 20. Qf3 g4 21. hxg4 hxg4
22. Qf5 Kc7 23. Qxe6 fxe6 24. Ne2 g3 25. Nxg3 Bd2 26. Nf3 Bc3 27. Rad1 Nf6 28.
Ng5 Kd7 29. Nf7 Rdf8 30. Nxh8 Rxh8 31. Bc1 Ng4 32. Ne2 Bd4 33. Nxd4 exd4 34. f3
Ne5 35. Bg5 Nc8 36. Bf6 Rg8 37. Kf2 Rg6 38. Bh4 Ne7 39. Rh1 Ng8 40. Bg3 Nf7 41.
Rh7 Ke8 42. Rdh1 e5 43. f4 exf4 44. Bxf4 Ke7 45. R1h5 Nf6 46. Rxf7+ Kxf7 47. Rf5
Ke6 48. Kf3 d5 49. Re5+ Kf7 50. exd5 cxd5 51. g3 Ng4 52. Rxd5 Rf6 53. Kxg4 1-0

[Event "Let's Play Chess!"]
[Site "http://www.queenalice.com/game.php?id=1814806"]
[Date "2023.6.25"]
[Round "-"]
[White "diedoofen"]
[Black "ulisses34"]
[Result "1-0"]
[WhiteElo "2192"]
[BlackElo "1720"]

1. d4 c6 2. e4 e6 3. Nf3 Be7 4. c4 Qa5+ 5. Nbd2 Nf6 6. Bd3 Na6 7. O-O Nb4 8. Bb1
c5 9. e5 Ng8 10. d5 exd5 11. cxd5 Nxd5 12. Ne4 c4 13. a4 Bb4 14. Qd4 Nge7 15.
Qxc4 b5 16. Qxb5 Qxb5 17. axb5 Nb6 18. Be3 Ned5 19. Nd6+ Bxd6 20. Bxb6 Nxb6 21.
exd6 O-O 22. Be4 Rb8 23. Rxa7 Re8 24. Re1 Re6 25. Ng5 Rxd6 26. Bxh7+ Kf8 27. Be4
Nc4 28. Rc7 Nd2 29. f3 f6 30. Rec1 fxg5 31. Rxc8+ Rxc8 32. Rxc8+ Kf7 33. Ba8 Rb6
34. Rc2 Nb3 35. Bd5+ 1-0

[Event "Let's Play Chess!"]
[Site "http://www.queenalice.com/game.php?id=1815400"]
[Date "2023.7.1"]
[Round "-"]
[White "Mlintz"]
[Black "ulisses34"]
[Result "1-0"]
[WhiteElo "1879"]
[BlackElo "1704"]

1. e4 e5 2. Nf3 d6 3. c3 Be7 4. Bc4 Bd7 5. d4 c6 6. dxe5 dxe5 7. Nxe5 Be6 8.
Qxd8+ Bxd8 9. Bxe6 fxe6 10. O-O Bb6 11. b4 Nf6 12. Re1 Bc7 13. Nf3 Nbd7 14. h3
Nb6 15. Nbd2 Na4 16. c4 b6 17. Ng5 Ke7 18. Rb1 Be5 19. Re2 Nc3 20. Re1 Nxb1 21.
Nxb1 Rad8 22. Nf3 Bd6 23. e5 Bxb4 24. exf6+ gxf6 25. Rf1 Rhg8 26. Bb2 Rd3 27.
Nd4 Kd7 28. Nb3 Rxh3 29. Rd1+ Ke7 30. Nd4 Bd6 31. Nxc6+ Kd7 32. Nxa7 Rh4 33. Nb5
1-0

[Event "Let's Play Chess!"]
[Site "http://www.queenalice.com/game.php?id=1815440"]
[Date "2023.7.2"]
[Round "-"]
[White "Charlie"]
[Black "ulisses34"]
[Result "1-0"]
[WhiteElo "1780"]
[BlackElo "1718"]

1. e4 d5 2. exd5 Qxd5 3. Nc3 Qe5+ 4. Be2 Nf6 5. Nf3 Qd6 6. O-O a6 7. Bc4 Be6 8.
Be2 Nc6 9. Re1 Nd5 10. Ne4 Qf4 11. d3 Qf5 12. c4 Nf6 13. Ng3 Qa5 14. Bd2 Qb6 15.
Qc2 Bd7 16. a3 Bg4 17. Be3 Nd4 18. Bxd4 Qd6 19. Bc3 e6 20. Bxf6 gxf6 21. Ne4 Qe7
22. Qc3 Bg7 23. h3 Bf5 24. Qb4 Qd7 25. Rad1 Qc6 26. Nd4 Qd7 27. Nxf5 exf5 28.
Nc5 Qc6 29. Bf3+ 1-0

[Event "Let's Play Chess!"]
[Site "http://www.queenalice.com/game.php?id=1815925"]
[Date "2023.7.15"]
[Round "-"]
[White "Scar"]
[Black "ulisses34"]
[Result "1-0"]
[WhiteElo "1698"]
[BlackElo "1695"]

1. e4 e5 2. Nf3 d6 3. Be2 Nf6 4. d3 Nc6 5. Nc3 Be6 6. h3 Nd4 7. Nxd4 exd4 8. Nb1
Be7 9. c3 dxc3 10. Nxc3 a6 11. Bd2 O-O 12. Qc2 c6 13. O-O Nd7 14. f4 Nb8 15. f5
Qb6+ 16. Kh1 Bd7 17. Rf3 Qd8 18. Raf1 Bf6 19. g4 Bc8 20. Qc1 Nd7 21. g5 Ne5 22.
Rg3 d5 23. gxf6 Qxf6 24. Bg5 Qd6 25. h4 Nd7 26. Rfg1 dxe4 27. Nxe4 Qd5 28. Qf1
Nb6 29. Bg4 Na4 30. b3 Nc5 31. Re3 Re8 32. Qf3 Nxe4 33. dxe4 Qa5 34. a4 b5 35.
axb5 Qxb5 36. f6 Bxg4 37. Qxg4 g6 38. h5 Rad8 39. hxg6 fxg6 40. Bh6 Qh5+ 41.
Qxh5 1-0

[Event "Let's Play Chess!"]
[Site "http://www.queenalice.com/game.php?id=1816454"]
[Date "2023.7.16"]
[Round "-"]
[White "igor12345"]
[Black "ulisses34"]
[Result "1-0"]
[WhiteElo "2034"]
[BlackElo "1661"]

1. e4 e5 2. f4 d6 3. Nf3 exf4 4. d4 c6 5. Bxf4 Nf6 6. Nbd2 Nh5 7. Be3 Nd7 8. d5
Be7 9. c4 Bf6 10. Rb1 b6 11. dxc6 Nc5 12. b4 Ne6 13. g3 a6 14. a4 Bc3 15. Qb3
Qf6 16. Be2 Nc7 17. Kf2 Ne6 18. Kg2 Bxd2 19. e5 dxe5 20. Bxd2 O-O 21. b5 a5 22.
Qe3 Nc5 23. Bd1 Bf5 24. Rb2 e4 25. Nd4 Nd3 26. Rc2 Qg6 27. Rf1 Bg4 28. Bxg4 Qxg4
29. Nf5 Rae8 30. Bc3 f6 31. h3 Qg6 32. Bd4 Nb4 33. Rc3 Rd8 34. Ne7+ 1-0

[Event "Let's Play Chess!"]
[Site "http://www.queenalice.com/game.php?id=1818251"]
[Date "2023.8.7"]
[Round "-"]
[White "ulisses34"]
[Black "Charles56"]
[Result "0-1"]
[WhiteElo "1679"]
[BlackElo "1638"]

1. e4 e5 2. Nf3 d6 3. d3 h6 4. Be2 Nf6 5. Nfd2 Bd7 6. Nc3 a6 7. Nd5 c6 8. Nxf6+
Qxf6 9. Nc4 b5 10. Nb6 Ra7 11. Be3 Rb7 12. Na8 Be7 13. Qd2 O-O 14. Bb6 Be6 15.
Qa5 Nd7 16. Qxa6 Rfb8 17. Bc7 Nc5 18. Qa5 Bd8 19. b4 Bxc7 20. Nxc7 Qd8 21. Nxe6
Nxe6 22. Qa3 Qg5 23. Rg1 Nd4 24. Qc1 Qh4 25. Bd1 Qxh2 26. Kf1 Rf8 27. a4 bxa4
28. Rxa4 f5 29. c3 Nb5 30. exf5 Rxf5 31. Ra8+ Kh7 32. Qe3 Nxc3 33. Bg4 Rf6 34.
d4 Nd5 35. Qe4+ g6 36. dxe5 dxe5 37. Ra4 Nc3 38. Qxc6 Rxc6 39. Rh1 Qxh1# 0-1

[Event "Let's Play Chess!"]
[Site "http://www.queenalice.com/game.php?id=1818321"]
[Date "2023.8.11"]
[Round "-"]
[White "ulisses34"]
[Black "Charles56"]
[Result "1-0"]
[WhiteElo "1659"]
[BlackElo "1666"]

1. e4 e5 2. Nf3 d6 3. Nc3 a6 4. Nd5 h6 5. Be2 c6 6. Ne3 Nf6 7. d3 b6 8. Bd2 Bg4
9. Nxg4 Nxg4 10. Ng1 Nf6 11. Nh3 a5 12. b4 axb4 13. Bxb4 Na6 14. Bc3 b5 15. Qd2
Nc5 16. Ng1 Be7 17. Bf3 Ra6 18. Ne2 O-O 19. d4 exd4 20. Nxd4 Nh7 21. Nf5 Bg5 22.
Qd1 Bf4 23. Bxg7 Re8 24. Bd4 Nxe4 25. O-O Qg5 26. Ne3 c5 27. Bb2 Nhf6 28. Ng4
Nxg4 29. Bxg4 Nf6 30. Bh3 h5 31. Qd3 Ng4 32. Qc3 Bxh2+ 33. Kh1 Be5 34. Qe1 f5
35. Bc1 Raa8 36. Bxg5 Bxa1 37. Qxa1 Re6 38. Qb2 b4 39. Qb3 Re8 40. f3 Kg7 41.
fxg4 hxg4 42. Bxg4 fxg4 43. g3 Kg6 44. Bh4 Kg7 45. Qb2+ Kg6 46. Rf6+ Rxf6 47.
Qxf6+ 1-0

[Event "Let's Play Chess!"]
[Site "http://www.queenalice.com/game.php?id=1818706"]
[Date "2023.8.16"]
[Round "-"]
[White "igor12345"]
[Black "ulisses34"]
[Result "1-0"]
[WhiteElo "1877"]
[BlackElo "1675"]

1. e4 d5 2. exd5 Qxd5 3. Nc3 Qe5+ 4. Qe2 Qe6 5. d4 a6 6. d5 Qg6 7. g3 Bf5 8. Kd1
Nd7 9. Bf4 c6 10. Bg2 Nb6 11. dxc6 bxc6 12. Kc1 Nf6 13. Bxc6+ Nfd7 14. Bxa8 Nxa8
15. Nf3 Qc6 16. Rg1 Bg4 17. Ne5 Bxe2 18. Nxc6 Bc4 19. b3 Be6 20. Kb2 Nab6 21.
Nb4 a5 22. Nc6 h6 23. Nxa5 g5 24. Bd2 Bg7 25. g4 Bd4 26. Be3 Bxc3+ 27. Kxc3 O-O
28. Bxb6 Nxb6 29. Kb2 Rb8 30. Nc6 Re8 31. Nd4 Bd7 32. h3 Rb8 33. a4 Nc4+ 34. Ka2
Na5 35. Rge1 e6 36. Nf3 Bc6 37. Re3 Bd5 38. Rb1 Nc6 39. c4 Nb4+ 40. Kb2 Ba8 41.
Kc3 Nc6 42. Rb2 Ne7 43. b4 Bb7 44. b5 Bc8 45. a5 Bd7 46. Ne5 Be8 47. a6 Nc8 48.
Nd3 Rb6 49. Ra2 Na7 50. Rd2 Kf8 51. f4 Kg7 52. f5 Kf6 53. fxe6 fxe6 54. Rf3+ Ke7
55. Re2 Bd7 56. Nc5 Bc8 57. Ref2 Kd6 58. Na4 Rb8 59. Rf7 Bd7 60. Rd2+ 1-0

[Event "Let's Play "]
[Site "http://www.queenalice.com/game.php?id=1824154"]
[Date "2023.10.30"]
[Round "-"]
[White "alterego"]
[Black "ulisses34"]
[Result "0-1"]
[WhiteElo "1593"]
[BlackElo "1667"]

1. d4 d5 2. g3 e6 3. Bg2 Be7 4. Nf3 Nc6 5. a3 a5 6. a4 Bd7 7. b3 Nf6 8. Na3 Ne4
9. O-O Nc3 10. Qd3 Ne4 11. c4 Nb4 12. Qe3 Bc6 13. Ne5 Bf6 14. Nxc6 bxc6 15. c5
Bg5 16. f4 Bf6 17. Bb2 Ra7 18. Rac1 Qb8 19. Nb1 Rb7 20. Nc3 Nxc3 21. Bxc3 Na2
22. Rc2 Nxc3 23. Rxc3 Rb4 24. f5 Bxd4 25. Rf3 Bxe3+ 26. Rcxe3 O-O 27. f6 g6 28.
Re5 Qa7 29. h4 Qxc5+ 30. Kh2 Rfb8 31. Kh3 Qd4 32. Ree3 Qd1 33. Rc3 R8b6 34. Rfe3
d4 35. Rcd3 Qg1 36. Re5 h6 37. e3 Qb1 0-1

[Event "Let's Play Chess!"]
[Site "http://www.queenalice.com/game.php?id=1824156"]
[Date "2023.10.30"]
[Round "-"]
[White "ulisses34"]
[Black "bobifixer"]
[Result "0-1"]
[WhiteElo "1666"]
[BlackElo "1944"]

1. e4 c6 2. Nc3 d5 3. exd5 cxd5 4. d4 Nf6 5. Be2 g6 6. Bf4 a6 7. Qd2 Bg7 8. Nf3
O-O 9. Bh6 Nc6 10. Nh4 e5 11. dxe5 Nxe5 12. Qg5 Ne4 13. Nxe4 dxe4 14. Qe3 Qxh4
15. Bg5 Ng4 16. Bxh4 Nxe3 17. fxe3 Bxb2 18. Rd1 Bc3+ 19. Kf2 Be6 20. a3 b5 21.
Be7 Rfc8 22. Kg3 Be5+ 23. Kh4 Rxc2 24. Rhe1 Rc3 25. Bg4 Bxg4 26. Kxg4 f5+ 27.
Kg5 Rac8 28. g3 Kg7 29. Rd7 h6+ 30. Kh4 R8c7 31. Rxc7 Rxc7 32. Bb4 Rc2 33. Kh3
g5 34. g4 Rxh2# 0-1

[Event "Let's Play Chess!"]
[Site "http://www.queenalice.com/game.php?id=1825436"]
[Date "2023.11.18"]
[Round "-"]
[White "Mlintz"]
[Black "ulisses34"]
[Result "1-0"]
[WhiteElo "1742"]
[BlackElo "1680"]

1. e4 e5 2. Nf3 d6 3. c3 Bd7 4. Bc4 b5 5. Be2 Be7 6. d4 c6 7. dxe5 dxe5 8. Nxe5
Nf6 9. Nxd7 Nbxd7 10. Bf3 Ne5 11. Nd2 Nd3+ 12. Ke2 Bc5 13. Rf1 O-O 14. Qc2 Nf4+
15. Kd1 Qd3 16. Qxd3 Nxd3 17. Ke2 Rad8 18. b4 Bb6 19. Nb3 Rfe8 20. Be3 Nxe4 21.
Bxb6 Ng5+ 22. Be3 Nf4+ 23. Ke1 Nxf3+ 24. gxf3 Ng2+ 25. Ke2 Re6 26. Nc5 Nf4+ 27.
Ke1 Nd3+ 28. Nxd3 Rxd3 29. Rc1 Rd5 30. h4 Rf5 31. Rd1 Re8 32. Rh1 Rxf3 33. Ke2
Rf6 34. f3 Rfe6 35. Rd3 f5 36. Kd2 f4 37. Bc5 Re2+ 38. Kc1 Rxa2 39. Rhd1 Rae2
40. R3d2 R2e6 41. Rd8 Kf7 42. R8d7+ Kf6 43. Rxa7 Kg6 44. Bd4 Rg8 45. Rd2 1-0

[Event "Let's Play Chess!"]
[Site "http://www.queenalice.com/game.php?id=1829291"]
[Date "2024.1.16"]
[Round "-"]
[White "igor12345"]
[Black "ulisses34"]
[Result "1-0"]
[WhiteElo "1972"]
[BlackElo "1661"]

1. e4 e5 2. f4 exf4 3. Nf3 Be7 4. d4 Bh4+ 5. Ke2 Qe7 6. Nc3 d5 7. e5 b6 8. Nxd5
Ba6+ 9. Kd2 Qd7 10. c4 c6 11. Nxf4 Bg5 12. Kc3 Ne7 13. Nxg5 1-0

[Event "Let's Play Chess!"]
[Site "http://www.queenalice.com/game.php?id=1829318"]
[Date "2024.1.16"]
[Round "-"]
[White "Charles56"]
[Black "ulisses34"]
[Result "0-1"]
[WhiteElo "1697"]
[BlackElo "1657"]

1. d4 e6 2. a3 d5 3. e3 Bd7 4. Nc3 a6 5. Bd3 Nf6 6. Nh3 Be7 7. Qf3 Nc6 8. O-O
Bc8 9. Ne2 Ne4 10. Bxe4 dxe4 11. Qxe4 Bd6 12. d5 Ne5 13. b3 exd5 14. Qxd5 Bxh3
15. Bb2 Be6 16. Qe4 f5 17. Qa4+ Nc6 18. Nf4 Bd7 19. Qc4 Qg5 20. Nh3 Qh6 21. Rae1
O-O-O 22. f4 Be6 23. Qe2 Bf7 24. c4 Bh5 25. Qc2 Be7 26. Qxf5+ Kb8 27. Qc2 Bg6
28. Qf2 Rd3 29. f5 Bf7 30. f6 Bxf6 31. Bxf6 Qxf6 32. Qxf6 gxf6 33. Rxf6 Bg6 34.
Nf4 Rxb3 35. Nxg6 hxg6 36. Rxg6 Ne5 37. Re6 Nxc4 38. a4 Rb6 39. Rxb6 Nxb6 40.
Ra1 Re8 41. Kf2 Nc4 42. Re1 Ne5 43. h3 Nd3+ 44. Ke2 Nxe1 45. Kxe1 Rxe3+ 46. Kf2
Ra3 47. h4 Rxa4 48. g3 b5 49. h5 Rg4 50. Kf3 Rg8 51. g4 b4 0-1